000 01800cam a22004217a 4500
003 CHAP
005 20251127090245.0
008 971013s1994 r 00010 d
010 _a45222
011 _a46194
035 _a50335
040 _cCHAP
082 _a633.73
_bS35
100 0 0 _aSantoyo Cortés, Vinicio Horacio.
_9102560
245 0 _aSistema agroindustrial café en México
_b: diagnóstico, problemática y alternativas
260 _aChapingo, Méx. :
_bUACH. Centro de Investigaciones Económicas, Sociales y Tecnológicas de la Agroindustria y la Agricultura Mundial,
_c1994
300 _a157 p.
_b: ilus.
490 0 _aColección estructura y dinámica de los sistemas agroindustriales
590 _aBATCH-UPD
_b10
_c20130110
_lUCH01
_h0919
590 _aBATCH-UPD
_b10
_c20130410
_lUCH01
_h0542
590 _aBATCH-UPD
_b10
_c20130914
_lUCH01
_h0808
590 _aCONVERSION
_b10
_c20130109
_lUCH01
_h1325
650 1 4 _aCafé
_xAspectos económicos
_xMéxico.
_917104
650 1 4 _aCafé
_xIndustria.
_917157
650 1 4 _aCafé
_xMéxico.
_917176
650 1 4 _aCafeticultores.
_917080
700 1 _aDíaz Cárdenas, Salvador
_933418
700 0 _aRodríguez Padrón, Benigno.
_998767
830 0 _aColección estructura y dinámica de los sistemas agroindustriales
_924851
901 _aBK
942 _cLIBRO
949 _a633.73 S35
_bBC
_cLIBRO
_d33724000088985
_eLIBRO
_fc.4
_h89430
_i50335
_si
949 _a633.73 S35
_bBC
_cLIBRO
_d33724000089009
_eLIBRO
_h89427
_i50335
_si
949 _a633.73 S35
_bBC
_cLIBRO
_d33724000089017
_eLIBRO
_fc.2
_h89428
_i50335
_si
949 _a633.73 S35
_bBC
_cLIBRO
_d33724002062223
_eLIBRO
_fc.3
_h89429
_i50335
_si
949 _a633.73 S35
_bBC
_cUACH
_d-113122
_eUACH
_fc.5
_h89431
_i50335
_si
949 _a633.73 S35
_bCIESTAM
_cLIBRO
_d503351
_eLIBRO
_h197
_i50335
_sb
999 _c45222
_d45222